[Event "Mittelfranken Landesliga Nord 2223"]
[Site "Mittelfranken"]
[Date "2022.12.11"]
[Round "4.1"]
[White "Epding, Olaf"]
[Black "Giessmann, Stephan"]
[Result "1/2-1/2"]
[WhiteElo "2138"]
[BlackElo "2194"]
[PlyCount "72"]
[EventDate "2022.10.09"]
[EventType "team-tourn"]
[EventRounds "9"]
[EventCountry "GER"]
[SourceTitle "EXT 2024"]
[Source "ChessBase"]
[SourceDate "2023.10.10"]
[SourceVersion "1"]
[SourceVersionDate "2023.10.10"]
[SourceQuality "1"]
[WhiteTeam "Nuernberg NT II"]
[BlackTeam "Kelheim"]
[WhiteTeamCountry "GER"]
[BlackTeamCountry "GER"]

1. e4 e6 2. d4 d5 3. Nc3 Bb4 4. a3 Bxc3+ 5. bxc3 dxe4 6. Qg4 Nf6 7. Qxg7 Rg8 8. Qh6 Nbd7 9. Nh3 Rg6 10. Qe3 b6 11. Nf4 Rg8 12. Be2 Bb7 13. 0-0 c5 14. f3 Qe7 15. fxe4 Nxe4 16. Bf3 Ndf6 17. dxc5 Qxc5 18. Qxc5 bxc5 19. c4 0-0-0 20. Rb1 Ba6 21. Bb2 Bxc4 22. Rfe1 Nd2 23. Ba8 Nd5 24. Be5 Nf3+ 25. Kf2 Nxe5 26. Rxe5 Nxf4 27. Rxc5+ Kd7 28. Bc6+ Ke7 29. Rxc4 Nxg2 30. Bf3 Rd2+ 31. Be2 e5 32. Rb7+ Ke6 33. Rc6+ Kd5 34. Rcc7 Nf4 35. Rd7+ Kc6 36. Rbc7+ Kb6 1/2-1/2

[Event "Mittelfranken Landesliga Nord 2122"]
[Site "Mittelfranken"]
[Date "2022.04.03"]
[Round "7.1"]
[White "Epding, Olaf"]
[Black "Kuhn, Tobias"]
[Result "1/2-1/2"]
[WhiteElo "2182"]
[BlackElo "2206"]
[PlyCount "62"]
[EventDate "2021.10.24"]
[EventType "team-tourn"]
[EventRounds "9"]
[EventCountry "GER"]
[SourceTitle "EXT 2024"]
[Source "ChessBase"]
[SourceDate "2023.10.10"]
[SourceVersion "1"]
[SourceVersionDate "2023.10.10"]
[SourceQuality "1"]
[WhiteTeam "Nuernberg NT II"]
[BlackTeam "Klingenberg"]
[WhiteTeamCountry "GER"]
[BlackTeamCountry "GER"]

1. e4 c5 2. Nf3 Nc6 3. c3 Nf6 4. e5 Nd5 5. d4 cxd4 6. cxd4 d6 7. Nc3 Nxc3 8. bxc3 e6 9. Bd3 Be7 10. 0-0 0-0 11. Bf4 g6 12. Qe2 b6 13. Rfd1 Bb7 14. h4 Na5 15. h5 Bxf3 16. Qxf3 Bg5 17. Qg3 Bxf4 18. Qxf4 Rc8 19. Rac1 Nc4 20. Bxc4 Rxc4 21. exd6 Rc6 22. h6 f6 23. Qf3 Rxd6 24. Re1 Qd7 25. Re3 Qc6 26. Qg4 Kf7 27. Rce1 Qd5 28. Rf3 Kg8 29. Rfe3 Kf7 30. Rf3 Kg8 31. Rfe3 Kf7 1/2-1/2

[Event "Mittelfranken Landesliga Nord 2122"]
[Site "Mittelfranken"]
[Date "2022.03.13"]
[Round "6.2"]
[White "Epding, Olaf"]
[Black "Pribyl, Josef"]
[Result "1/2-1/2"]
[WhiteElo "2182"]
[BlackElo "2226"]
[PlyCount "143"]
[EventDate "2021.10.24"]
[EventType "team-tourn"]
[EventRounds "9"]
[EventCountry "GER"]
[SourceTitle "EXT 2024"]
[Source "ChessBase"]
[SourceDate "2023.10.10"]
[SourceVersion "1"]
[SourceVersionDate "2023.10.10"]
[SourceQuality "1"]
[WhiteTeam "Nuernberg NT II"]
[BlackTeam "Bamberg"]
[WhiteTeamCountry "GER"]
[BlackTeamCountry "GER"]

1. b3 d5 2. Bb2 Nf6 3. Nf3 g6 4. e3 Bg7 5. Be2 c5 6. d4 cxd4 7. exd4 0-0 8. 0-0 Nc6 9. c4 Bf5 10. Nc3 Rc8 11. Rc1 Qa5 12. a3 dxc4 13. bxc4 Rfd8 14. Qb3 Bg4 15. Nb5 Bxf3 16. Bxf3 a6 17. Bxc6 Rxc6 18. Nc3 Qc7 19. Rfd1 e6 20. Ne2 Rc8 21. d5 Rb6 22. d6 Rxd6 23. Rxd6 Qxd6 24. Ng3 Qc6 25. h3 h5 26. Nf1 Rd8 27. Qe3 Ne4 28. Bxg7 Kxg7 29. Ng3 Nxg3 30. Qxg3 Qe4 31. Qc3+ Qd4 32. Qb4 b6 33. c5 bxc5 34. Qxc5 Qxc5 35. Rxc5 Rd1+ 36. Kh2 Rd5 37. Rc4 e5 38. f3 g5 39. Ra4 a5 40. h4 Rd4 41. Rxa5 Rxh4+ 42. Kg3 f6 43. Ra8 Rc4 44. Kh3 e4 45. fxe4 Rxe4 46. Kh2 h4 47. Kg1 g4 48. Kf2 Rf4+ 49. Ke3 h3 50. gxh3 gxh3 51. Ra7+ Kg6 52. Ra8 Rh4 53. Rg8+ Kf5 54. Rg1 Ra4 55. Rf1+ Ke5 56. Ra1 h2 57. Kf2 Rxa3 58. Re1+ Kf4 59. Kg2 Rg3+ 60. Kxh2 f5 61. Ra1 Rg5 62. Ra4+ Ke3 63. Ra3+ Kd2 64. Ra2+ Kd3 65. Ra3+ Kc4 66. Rg3 Rh5+ 67. Kg2 Kd4 68. Ra3 Ke4 69. Ra4+ Ke3 70. Ra3+ Kf4 71. Ra4+ Kg5 72. Ra8 1/2-1/2

[Event "BL2-Ost 1920"]
[Site "Germany"]
[Date "2021.08.08"]
[Round "10.7"]
[White "Rusche, Johannes"]
[Black "Epding, Olaf"]
[Result "1-0"]
[WhiteElo "2309"]
[BlackElo "2208"]
[PlyCount "55"]
[EventDate "2019.10.19"]
[EventType "team-tourn"]
[EventRounds "11"]
[EventCountry "GER"]
[SourceTitle "EXT 2023"]
[Source "ChessBase"]
[SourceDate "2022.10.05"]
[SourceVersion "1"]
[SourceVersionDate "2022.10.05"]
[SourceQuality "1"]
[WhiteTeam "Garching"]
[BlackTeam "Nuernberg NT"]
[WhiteTeamCountry "GER"]
[BlackTeamCountry "GER"]

1. e4 e6 2. d4 d5 3. Nd2 Nf6 4. e5 Nfd7 5. Bd3 c5 6. c3 Nc6 7. Ngf3 Qb6 8. 0-0 cxd4 9. cxd4 Nxd4 10. Nxd4 Qxd4 11. Nf3 Qb6 12. Qa4 Qb4 13. Qc2 Qb6 14. Qa4 Qb4 15. Qc2 Qb6 16. Bxh7 Nc5 17. Be3 Bd7 18. Rac1 Rc8 19. Qb1 a5 20. Rc3 Qd8 21. Rfc1 b6 22. Ng5 Rxh7 23. Nxh7 Be7 24. Bd4 Ne4 25. Rxc8 Bxc8 26. Qd3 Bd7 27. Qe3 Nc5 28. Qg3 1-0

[Event "Landesliga Nord 1819"]
[Site "Bayern"]
[Date "2019.04.07"]
[Round "9.2"]
[White "Epding, Olaf"]
[Black "Barth, Norbert"]
[Result "1/2-1/2"]
[WhiteElo "2171"]
[BlackElo "2256"]
[PlyCount "224"]
[EventDate "2018.10.21"]
[EventType "team-tourn"]
[EventRounds "9"]
[EventCountry "GER"]
[SourceTitle "EXT 2022"]
[Source "ChessBase"]
[SourceDate "2021.10.06"]
[SourceVersion "1"]
[SourceVersionDate "2021.10.06"]
[SourceQuality "1"]
[WhiteTeam "Nuernberg NT II"]
[BlackTeam "Schwandorf"]
[WhiteTeamCountry "GER"]
[BlackTeamCountry "GER"]

1. b3 a5 2. Nc3 d5 3. Nf3 Nf6 4. e3 g6 5. Bb2 Bg7 6. d4 0-0 7. Be2 c5 8. Na4 Ne4 9. 0-0 Nc6 10. c4 dxc4 11. bxc4 Bf5 12. Bd3 cxd4 13. g4 Nxf2 14. Kxf2 dxe3+ 15. Ke2 Bxg4 16. Bxg7 Kxg7 17. Be4 Qc7 18. Bxc6 Qxc6 19. Qd4+ Kg8 20. Nb6 e5 21. Qxg4 Qxb6 22. Rab1 Qc5 23. Rxb7 Qa3 24. Rd1 e4 25. Qxe4 Qxa2+ 26. Kxe3 Rae8 27. Ne5 Qxh2 28. Rd5 f6 29. Kd3 Rxe5 30. Rxe5 fxe5 31. Qd5+ Kh8 32. Rf7 Qg3+ 33. Kc2 Rb8 34. Rb7 Qf2+ 35. Kb3 a4+ 36. Ka3 Qe3+ 37. Kxa4 Ra8+ 38. Kb5 Qc3 39. Kc6 Rc8+ 40. Rc7 Rxc7+ 41. Kxc7 Qd4 42. Kd6 Qxd5+ 43. Kxd5 e4 44. c5 e3 45. c6 e2 46. c7 e1Q 47. c8Q+ Kg7 48. Qc7+ Kg8 49. Qb8+ Kg7 50. Qc7+ Kh6 51. Qh2+ Kg5 52. Qxh7 Qd2+ 53. Kc6 Qc3+ 54. Kb7 Qb4+ 55. Ka8 Qe4+ 56. Ka7 Kg4 57. Qh2 Qa4+ 58. Kb7 Qb4+ 59. Ka7 Qa3+ 60. Kb7 g5 61. Qg2+ Kf4 62. Qh2+ Qg3 63. Qd2+ Qe3 64. Qh2+ Kf5 65. Qh7+ Kf4 66. Qh2+ Kg4 67. Qg2+ Kf5 68. Qd5+ Kf4 69. Qd6+ Kf3 70. Qf6+ Kg2 71. Qb2+ Qf2 72. Qe5 g4 73. Ka8 Qa2+ 74. Kb7 Qb3+ 75. Ka8 g3 76. Qe2+ Kh1 77. Qh5+ Kg1 78. Qc5+ Kg2 79. Qd4 Qa2+ 80. Kb7 Qb1+ 81. Ka8 Qh1 82. Kb8 Qb1+ 83. Ka8 Qa2+ 84. Kb7 Qf2 85. Qe5 Qf7+ 86. Ka8 Qf3+ 87. Kb8 Qb3+ 88. Ka8 Qa2+ 89. Kb7 Qf2 90. Ka8 Qf3+ 91. Kb8 Qf8+ 92. Kb7 Kh2 93. Ka7 Qa3+ 94. Kb7 Qb3+ 95. Ka8 Qf3+ 96. Kb8 Kg1 97. Qe1+ Kh2 98. Qe5 Qb3+ 99. Ka8 Qa2+ 100. Kb7 Qg2+ 101. Kb8 Qh3 102. Ka8 Qh4 103. Kb7 Qb4+ 104. Ka8 Qf8+ 105. Kb7 Qf1 106. Kb8 Qb1+ 107. Ka8 Qd3 108. Kb7 Kh1 109. Qh5+ Kg1 110. Qc5+ Kg2 111. Qe5 Qb3+ 112. Ka8 Qf3+ 1/2-1/2

[Event "BL2-Ost 1718"]
[Site "Germany"]
[Date "2018.02.04"]
[Round "8.8"]
[White "Dehlinger, Alexander"]
[Black "Epding, Olaf"]
[Result "1/2-1/2"]
[WhiteElo "2276"]
[BlackElo "2255"]
[PlyCount "254"]
[EventDate "2017.10.21"]
[EventType "team-tourn"]
[EventRounds "10"]
[EventCountry "GER"]
[SourceTitle "CBM 183 Extra"]
[Source "ChessBase"]
[SourceDate "2018.04.19"]
[SourceVersion "1"]
[SourceVersionDate "2018.04.19"]
[SourceQuality "1"]
[WhiteTeam "Garching"]
[BlackTeam "Nuernberg NT"]
[WhiteTeamCountry "GER"]
[BlackTeamCountry "GER"]

1. Nf3 d5 2. d4 Nf6 3. c4 e6 4. g3 Be7 5. Bg2 0-0 6. 0-0 dxc4 7. Qc2 a6 8. a4 Bd7 9. Rd1 Bc6 10. Nc3 Bxf3 11. Bxf3 Nc6 12. Bxc6 bxc6 13. Bg5 Nd5 14. Bxe7 Qxe7 15. Ne4 Qb4 16. Rdc1 Rfd8 17. e3 c5 18. Nxc5 e5 19. Qxc4 exd4 20. Qxd4 Qxd4 21. exd4 Ne7 22. Nb7 Rxd4 23. Rxc7 Ng6 24. Nc5 h5 25. Re1 h4 26. Kg2 a5 27. b3 Rd5 28. Ne4 Rb8 29. Rc5 Rd3 30. Rxa5 Rdxb3 31. Ng5 f6 32. Nh3 Ra3 33. Re4 hxg3 34. hxg3 Rb7 35. Re8+ Kf7 36. Rea8 Rab3 37. R5a7 Ne7 38. Nf4 g5 39. Rxb7 Rxb7 40. Nd3 Rb3 41. Nc5 Ra3 42. Ra6 g4 43. Ne4 f5 44. Nd6+ Kg7 45. Nc4 Ra1 46. Ne3 Kf7 47. a5 Kg7 48. Re6 Kf7 49. Re5 Kf6 50. Rb5 Kg5 51. Nc2 Ra4 52. Rc5 Kf6 53. Ne3 Ra1 54. Rb5 Kg5 55. Nc2 Ra4 56. Rc5 Kf6 57. Kf1 Ke6 58. Ke2 Kd6 59. Rb5 Nd5 60. Kd3 f4 61. gxf4 Nxf4+ 62. Kc3 Nd5+ 63. Kb3 Rf4 64. a6 Rf3+ 65. Kb2 Rf8 66. a7 Ra8 67. Ra5 Nf4 68. Rf5 Nd3+ 69. Kc3 Nxf2 70. Rxf2 Rxa7 71. Kd4 Ra4+ 72. Ke3 Ke5 73. Rf8 Re4+ 74. Kd3 Ra4 75. Ne3 Ra3+ 76. Ke2 Ra2+ 77. Kf1 g3 78. Kg1 Ke4 79. Nf1 Ke5 80. Nxg3 Rb2 81. Kf1 Ra2 82. Ne2 Ra6 83. Rb8 Rf6+ 84. Kg2 Rg6+ 85. Kf3 Ra6 86. Rb5+ Kd6 87. Ke4 Ra1 88. Nc3 Rh1 89. Kd4 Ke6 90. Re5+ Kd6 91. Ne4+ Kc6 92. Re6+ Kc7 93. Nc3 Kd7 94. Ra6 Rh5 95. Nd5 Rh1 96. Nf6+ Ke7 97. Ke5 Re1+ 98. Ne4 Kd7 99. Ra7+ Kc6 100. Re7 Kb5 101. Re6 Rh1 102. Re8 Rh5+ 103. Kd4 Rh1 104. Nc3+ Kc6 105. Re6+ Kd7 106. Ra6 Rh5 107. Ne4 Rh1 108. Kd5 Rd1+ 109. Ke5 Re1 110. Ra4 Kc6 111. Kd4 Rd1+ 112. Kc4 Rc1+ 113. Nc3 Kd6 114. Kd4 Rh1 115. Ne4+ Ke6 116. Ra6+ Kf7 117. Ng3 Re1 118. Kd5 Rd1+ 119. Ke5 Re1+ 120. Ne4 Rb1 121. Nd6+ Kg6 122. Nf5+ Kg5 123. Ne3 Rb5+ 124. Ke4 Rb4+ 125. Kf3 Rb3 126. Ra5+ Kf6 127. Rc5 Ra3 1/2-1/2

[Event "BL2-Ost 1718"]
[Site "Germany"]
[Date "2017.11.11"]
[Round "3.8"]
[White "Biastoch, Bennet"]
[Black "Epding, Olaf"]
[Result "1-0"]
[WhiteElo "2120"]
[BlackElo "2255"]
[PlyCount "115"]
[EventDate "2017.10.21"]
[EventType "team-tourn"]
[EventRounds "10"]
[EventCountry "GER"]
[SourceTitle "CBM 183 Extra"]
[Source "ChessBase"]
[SourceDate "2018.04.19"]
[SourceVersion "1"]
[SourceVersionDate "2018.04.19"]
[SourceQuality "1"]
[WhiteTeam "Magdeburg Aufbau Elbe"]
[BlackTeam "Nuernberg NT"]
[WhiteTeamCountry "GER"]
[BlackTeamCountry "GER"]

1. e4 e6 2. d4 d5 3. Nc3 Nf6 4. e5 Nfd7 5. f4 c5 6. Nf3 Nc6 7. Be3 cxd4 8. Nxd4 Bc5 9. Qd2 0-0 10. 0-0-0 a6 11. Qf2 Nxd4 12. Bxd4 Qc7 13. Bd3 Bxd4 14. Qxd4 b5 15. Rhe1 Qc5 16. Ne2 b4 17. f5 Qxd4 18. Nxd4 Nc5 19. f6 Bd7 20. fxg7 Kxg7 21. Re3 f5 22. Rf1 Kh8 23. Rf4 Rg8 24. g3 Rg7 25. Nb3 Nxb3+ 26. axb3 a5 27. Kd2 Rb8 28. Re1 Bb5 29. Ra1 Bxd3 30. cxd3 Rb5 31. d4 Rc7 32. Rc1 Rxc1 33. Kxc1 Rb7 34. Kd2 Kg8 35. Rf1 Rf7 36. Kd3 Kg7 37. h3 Kg6 38. Rf4 Kg5 39. Ke3 Rc7 40. Kd2 a4 41. bxa4 b3 42. Ke3 Rc4 43. g4 Rxa4 44. gxf5 exf5 45. Rf2 Rc4 46. Rg2+ Kh4 47. Rg7 f4+ 48. Kxf4 Rxd4+ 49. Kf5 h5 50. e6 Kxh3 51. Rg5 h4 52. Kf6 Rd2 53. e7 Rxb2 54. e8Q Rf2+ 55. Kg6 Rg2 56. Qe6+ Kh2 57. Rxg2+ Kxg2 58. Qxd5+ 1-0

[Event "BL2-Ost 1718"]
[Site "Germany"]
[Date "2017.10.21"]
[Round "1.8"]
[White "Lipok, Christoph"]
[Black "Epding, Olaf"]
[Result "1-0"]
[WhiteElo "2251"]
[BlackElo "2255"]
[PlyCount "64"]
[EventDate "2017.10.21"]
[EventType "team-tourn"]
[EventRounds "10"]
[EventCountry "GER"]
[SourceTitle "CBM 183 Extra"]
[Source "ChessBase"]
[SourceDate "2018.04.19"]
[SourceVersion "1"]
[SourceVersionDate "2018.04.19"]
[SourceQuality "1"]
[WhiteTeam "Augsburg"]
[BlackTeam "Nuernberg NT"]
[WhiteTeamCountry "GER"]
[BlackTeamCountry "GER"]

1. d4 d5 2. c4 e6 3. Nc3 Be7 4. cxd5 exd5 5. Bf4 Nf6 6. e3 0-0 7. Bd3 c5 8. Nge2 Nc6 9. h3 a6 10. 0-0 c4 11. Bc2 b5 12. f3 Bb7 13. Qd2 Nh5 14. Bh2 g6 15. Rad1 Re8 16. g4 Ng7 17. e4 dxe4 18. fxe4 Bg5 19. Nf4 Nb4 20. d5 Qb6+ 21. Kh1 Nxc2 22. Qxc2 b4 23. Na4 Qb5 24. Qf2 Rxe4 25. Nc5 Re7 26. Ng2 Rd8 27. Nxb7 Qb6 28. h4 Rxd5 29. hxg5 Rxg5 30. Rd8+ Re8 31. Rxe8+ Nxe8 32. Qe2 Re5 1-0

[Event "Oberliga Bayern 1617"]
[Site "Bayern"]
[Date "2017.04.02"]
[Round "8.7"]
[White "Epding, Olaf"]
[Black "Unger, Michael"]
[Result "1/2-1/2"]
[WhiteElo "2148"]
[BlackElo "2068"]
[PlyCount "31"]
[EventDate "2016.10.16"]
[EventType "team-tourn"]
[EventRounds "9"]
[EventCountry "GER"]
[SourceTitle "EXT 2019"]
[Source "ChessBase"]
[SourceDate "2018.10.10"]
[SourceVersion "1"]
[SourceVersionDate "2018.10.10"]
[SourceQuality "1"]
[WhiteTeam "Nuernberg NT"]
[BlackTeam "Muenchen 36"]
[WhiteTeamCountry "GER"]
[BlackTeamCountry "GER"]

1. b3 e5 2. Bb2 Nc6 3. c4 Nf6 4. e3 Be7 5. Nc3 d5 6. cxd5 Nxd5 7. Nf3 0-0 8. Nxd5 Qxd5 9. Bc4 Qd6 10. Qc2 Kh8 11. a3 a6 12. h4 f5 13. Ng5 Nd8 14. g4 b5 15. Bd3 Bb7 16. Rg1 1/2-1/2

[Event "Oberliga Bayern 1617"]
[Site "Bayern"]
[Date "2017.01.15"]
[Round "4.7"]
[White "Epding, Olaf"]
[Black "Wiesinger, Robert"]
[Result "1-0"]
[WhiteElo "2148"]
[BlackElo "2189"]
[PlyCount "67"]
[EventDate "2016.10.16"]
[EventType "team-tourn"]
[EventRounds "9"]
[EventCountry "GER"]
[SourceTitle "EXT 2019"]
[Source "ChessBase"]
[SourceDate "2018.10.10"]
[SourceVersion "1"]
[SourceVersionDate "2018.10.10"]
[SourceQuality "1"]
[WhiteTeam "Nuernberg NT"]
[BlackTeam "Weilheim"]
[WhiteTeamCountry "GER"]
[BlackTeamCountry "GER"]

1. b3 Nf6 2. Bb2 g6 3. Bxf6 exf6 4. c4 Bg7 5. Nc3 0-0 6. e3 d6 7. Nge2 Nd7 8. Nf4 f5 9. Rc1 Re8 10. Be2 c6 11. h4 a6 12. d4 Nf6 13. g3 h6 14. Kf1 b5 15. Bf3 Bd7 16. Kg2 Rb8 17. Qc2 b4 18. Na4 Ne4 19. c5 g5 20. hxg5 hxg5 21. Nh5 d5 22. Nxg7 Kxg7 23. Rh5 Nf6 24. Rxg5+ Kh6 25. Rxf5 Bxf5 26. Qxf5 Rg8 27. Rh1+ Kg7 28. Nb6 Qe7 29. Rh4 Qe6 30. Qf4 Ne4 31. Bg4 Qf6 32. Bf5 Rbd8 33. Nd7 Rxd7 34. Bxd7 1-0

[Event "Oberliga Bayern 1617"]
[Site "Bayern"]
[Date "2016.11.20"]
[Round "2.7"]
[White "Epding, Olaf"]
[Black "Ter Akopyan, Bagrat"]
[Result "1-0"]
[WhiteElo "2148"]
[BlackElo "2025"]
[PlyCount "47"]
[EventDate "2016.10.16"]
[EventType "team-tourn"]
[EventRounds "9"]
[EventCountry "GER"]
[SourceTitle "EXT 2019"]
[Source "ChessBase"]
[SourceDate "2018.10.10"]
[SourceVersion "1"]
[SourceVersionDate "2018.10.10"]
[SourceQuality "1"]
[WhiteTeam "Nuernberg NT"]
[BlackTeam "Herzogenaurach"]
[WhiteTeamCountry "GER"]
[BlackTeamCountry "GER"]

1. b3 d5 2. Bb2 Nf6 3. e3 Bf5 4. f4 Nbd7 5. Nf3 e6 6. Be2 Bd6 7. 0-0 0-0 8. Ne5 Ne8 9. d3 f6 10. Nxd7 Qxd7 11. Bf3 c6 12. Nd2 e5 13. e4 Be6 14. fxe5 fxe5 15. Qe2 Qc7 16. Bg4 Bf7 17. Bh5 g6 18. Bg4 Ng7 19. Nf3 dxe4 20. dxe4 Qe7 21. Rad1 h5 22. Bh3 Bc7 23. Kh1 g5 24. Rd7 1-0

[Event "Oberliga Bayern 1415"]
[Site "Germany"]
[Date "2015.04.12"]
[Round "9.4"]
[White "Jell, Klaus"]
[Black "Epding, Olaf"]
[Result "1-0"]
[WhiteElo "2231"]
[BlackElo "2251"]
[PlyCount "124"]
[EventDate "2014.10.19"]
[EventType "team-tourn"]
[EventRounds "9"]
[EventCountry "GER"]
[SourceTitle "EXT 2016"]
[Source "ChessBase"]
[SourceDate "2015.10.08"]
[SourceVersion "1"]
[SourceVersionDate "2015.10.08"]
[SourceQuality "1"]
[WhiteTeam "Kareth Lappersdorf"]
[BlackTeam "Nuernberg NT"]
[WhiteTeamCountry "GER"]
[BlackTeamCountry "GER"]

1. Nf3 d5 2. g3 Nf6 3. Bg2 e6 4. d3 Be7 5. Nbd2 c5 6. e4 Nc6 7. 0-0 b5 8. Re1 0-0 9. e5 Nd7 10. Nf1 a5 11. h4 b4 12. h5 Ba6 13. h6 g6 14. a4 bxa3 15. bxa3 Qc7 16. Bf4 Rfc8 17. Ne3 Nb6 18. Ng4 Qd8 19. Qd2 Nd4 20. Ngh2 Nxf3+ 21. Nxf3 c4 22. Bg5 Bxg5 23. Nxg5 cxd3 24. cxd3 Na4 25. Nxf7 Kxf7 26. Qf4+ Kg8 27. Qxa4 Bxd3 28. Rac1 Bf5 29. g4 Bd3 30. Rc6 Qe7 31. Rxc8+ Rxc8 32. Qxa5 Bc4 33. Qb4 Qxb4 34. axb4 Rb8 35. Rb1 g5 36. Bf1 Bxf1 37. Kxf1 Rb5 38. Ke2 Kf7 39. Kd3 Kg6 40. Kc3 Kxh6 41. Ra1 d4+ 42. Kc4 Rxe5 43. Kxd4 Re2 44. Rb1 Rxf2 45. b5 Rd2+ 46. Ke5 Kg6 47. b6 Rd8 48. b7 Rb8 49. Kd6 h5 50. gxh5+ Kxh5 51. Kc7 Rxb7+ 52. Rxb7 Kg4 53. Kd6 Kf4 54. Rf7+ Ke4 55. Rg7 Kf4 56. Kc5 g4 57. Kd4 Kf3 58. Kd3 g3 59. Rf7+ Kg2 60. Ke2 e5 61. Re7 Kg1 62. Rxe5 g2 1-0

[Event "Oberliga Bayern 1415"]
[Site "Germany"]
[Date "2015.02.22"]
[Round "7.3"]
[White "Lavrinenkov, Vadim"]
[Black "Epding, Olaf"]
[Result "1/2-1/2"]
[WhiteElo "2208"]
[BlackElo "2251"]
[PlyCount "109"]
[EventDate "2014.10.19"]
[EventType "team-tourn"]
[EventRounds "9"]
[EventCountry "GER"]
[SourceTitle "EXT 2016"]
[Source "ChessBase"]
[SourceDate "2015.10.08"]
[SourceVersion "1"]
[SourceVersionDate "2015.10.08"]
[SourceQuality "1"]
[WhiteTeam "Kriegshaber"]
[BlackTeam "Nuernberg NT"]
[WhiteTeamCountry "GER"]
[BlackTeamCountry "GER"]

1. d4 d5 2. Bg5 f6 3. Bf4 c5 4. e3 Nc6 5. Bb5 Bf5 6. Nf3 a6 7. Bxc6+ bxc6 8. 0-0 g5 9. Bg3 h5 10. h4 g4 11. Ne1 e6 12. c4 Nh6 13. Nc3 Bd6 14. Qa4 0-0 15. Ne2 cxd4 16. exd4 Bxg3 17. Nxg3 Qb6 18. Rd1 dxc4 19. Qxc4 Qb5 20. Qxb5 axb5 21. a3 Rfd8 22. Nxh5 Kf7 23. Rc1 Ra6 24. Ng3 Rxd4 25. Nc2 Bxc2 26. Rxc2 f5 27. Ne2 Rd6 28. g3 Ke7 29. Nc1 Nf7 30. Re1 Kf6 31. Nb3 Ne5 32. Kf1 Nc4 33. Ke2 Ra8 34. Nd2 Ne5 35. Rec1 Rad8 36. f4 gxf3+ 37. Nxf3 Nd3 38. Rf1 e5 39. Ng5 Kg6 40. Nh3 c5 41. b3 Rd4 42. Nf2 e4 43. Nh3 R8d5 44. Ke3 Kh5 45. Ng5 Ne5 46. Ke2 Kg4 47. Rf4+ Kxg3 48. Rxf5 Kg4 49. Rf1 Nf3 50. Nxf3 exf3+ 51. Rxf3 Kxh4 52. Rfc3 Re4+ 53. Re3 Rg4 54. Rec3 Re4+ 55. Re3 1/2-1/2

[Event "Oberliga Bayern 1415"]
[Site "Germany"]
[Date "2014.10.19"]
[Round "1.4"]
[White "Epding, Olaf"]
[Black "Kempter, Ronald"]
[Result "1-0"]
[WhiteElo "2251"]
[BlackElo "2248"]
[PlyCount "81"]
[EventDate "2014.10.19"]
[EventType "team-tourn"]
[EventRounds "9"]
[EventCountry "GER"]
[SourceTitle "EXT 2016"]
[Source "ChessBase"]
[SourceDate "2015.10.08"]
[SourceVersion "1"]
[SourceVersionDate "2015.10.08"]
[SourceQuality "1"]
[WhiteTeam "Nuernberg NT"]
[BlackTeam "Groebenzell"]
[WhiteTeamCountry "GER"]
[BlackTeamCountry "GER"]

1. e4 e5 2. Nf3 Nc6 3. Bb5 a6 4. Ba4 Nf6 5. 0-0 Be7 6. Re1 b5 7. Bb3 0-0 8. a4 Bb7 9. d3 d6 10. c3 Nb8 11. Na3 Nbd7 12. Bg5 c6 13. Ba2 Ne8 14. Bc1 Nc7 15. d4 c5 16. dxe5 dxe5 17. Qe2 Bc6 18. Rd1 Qc8 19. Bg5 Qe8 20. Bd5 Bxd5 21. exd5 Bxg5 22. Nxg5 bxa4 23. Nc4 Nb5 24. Qc2 g6 25. Re1 Qe7 26. h4 Rfe8 27. Rad1 h6 28. d6 Qf6 29. Nf3 Re6 30. h5 Nxd6 31. Nxd6 Rxd6 32. Rxd6 Qxd6 33. Rd1 Qc6 34. hxg6 Rf8 35. Qf5 e4 36. Nh4 Qf6 37. Qxe4 Ne5 38. g7 Kxg7 39. Nf5+ Kg8 40. Rd6 Qg5 41. Qxe5 1-0

[Event "BL2-Ost 1314"]
[Site "Germany"]
[Date "2014.01.18"]
[Round "9.5"]
[White "Epding, Olaf"]
[Black "Casper, Thomas"]
[Result "1/2-1/2"]
[WhiteElo "2277"]
[BlackElo "2394"]
[PlyCount "77"]
[EventDate "2013.10.12"]
[EventType "team-tourn"]
[EventRounds "10"]
[EventCountry "GER"]
[SourceTitle "EXT 2015"]
[Source "ChessBase"]
[SourceDate "2014.11.20"]
[SourceVersion "1"]
[SourceVersionDate "2014.11.20"]
[SourceQuality "1"]
[WhiteTeam "Nuernberg"]
[BlackTeam "Erfurt"]
[WhiteTeamCountry "GER"]
[BlackTeamCountry "GER"]

1. e4 e6 2. d4 d5 3. Nc3 Bb4 4. exd5 exd5 5. Bd3 Ne7 6. Qh5 Nbc6 7. Nf3 Be6 8. a3 Bxc3+ 9. bxc3 Qd7 10. Ng5 0-0-0 11. Nxe6 Qxe6+ 12. Be3 g6 13. Qf3 Nf5 14. 0-0 Nxe3 15. Rfe1 Rde8 16. Rxe3 Qd7 17. Rae1 Rxe3 18. Rxe3 Nd8 19. Re5 Re8 20. Rxd5 Re1+ 21. Bf1 Qc6 22. Qh3+ Qe6 23. Qxe6+ Nxe6 24. Re5 Ra1 25. d5 Nd8 26. g3 Kd7 27. Re3 Rxa3 28. Bh3+ f5 29. g4 fxg4 30. Bxg4+ Kd6 31. Re8 Nf7 32. c4 c6 33. Be6 Ng5 34. Rd8+ Ke5 35. Bc8 cxd5 36. Rxd5+ Kf6 37. Rd6+ Ke5 38. Rd5+ Kf6 39. Rd6+ 1/2-1/2

[Event "BL2-Ost 1314"]
[Site "Germany"]
[Date "2013.12.15"]
[Round "7.6"]
[White "Epding, Olaf"]
[Black "Wichmann, Cliff"]
[Result "1-0"]
[WhiteElo "2277"]
[BlackElo "2348"]
[PlyCount "97"]
[EventDate "2013.10.12"]
[EventType "team-tourn"]
[EventRounds "10"]
[EventCountry "GER"]
[SourceTitle "EXT 2015"]
[Source "ChessBase"]
[SourceDate "2014.11.20"]
[SourceVersion "1"]
[SourceVersionDate "2014.11.20"]
[SourceQuality "1"]
[WhiteTeam "Nuernberg"]
[BlackTeam "Aue Nickelhuette"]
[WhiteTeamCountry "GER"]
[BlackTeamCountry "GER"]

1. b3 e5 2. Bb2 Nc6 3. e3 d5 4. Bb5 Bd6 5. Nf3 f6 6. c4 dxc4 7. Bxc4 Bg4 8. h3 Bh5 9. Nc3 Nge7 10. Ne4 Bg6 11. Ng3 Nb4 12. 0-0 Bd3 13. Bxd3 Nxd3 14. Bc3 Qd7 15. Qe2 Ba3 16. Ne1 Nxe1 17. Rfxe1 Nd5 18. Rad1 0-0 19. e4 Nf4 20. Qc4+ Qf7 21. Qa4 Bd6 22. d4 Qg6 23. Bd2 exd4 24. Bxf4 Bxf4 25. Nf5 Rfe8 26. Qxd4 Re5 27. Qxe5 Bxe5 28. Ne7+ Kf7 29. Nxg6 Kxg6 30. Rd7 Kh6 31. h4 Re8 32. g3 Bc3 33. Re3 Ba5 34. Kf1 Re6 35. Re2 Bb6 36. f4 Rc6 37. e5 fxe5 38. Rxe5 Rc2 39. Re2 Rc1+ 40. Kg2 Kg6 41. h5+ Kf6 42. Kf3 h6 43. Kg4 Rc5 44. Rde7 Rc6 45. R7e5 g6 46. hxg6 Kxg6 47. Re6+ Rxe6 48. Rxe6+ Kg7 49. Kf5 1-0